000 01134cam a2200337 i 4500
001 200468337
003 TR-AnTOB
005 20260427153800.0
007 ta
008 260427s2026 tu f s000 0 tur d
020 _a9786259315911
040 _aTR-AnU
_beng
_erda
_cTR-AnTOB
041 0 _atur
050 1 4 _aQC903
_b.U9 2026
090 _aQC903
_b.U9 2026
100 1 _aUz, Ceren
_eauthor
_9153959
245 1 0 _aSürdürülebilir bir gelecek inşa etmek :
_bsosyal ortakların adil geçiş ve iklim iklimlendirme perspektifleri /
_cCeren Uz.
264 1 _aAnkara :
_bTürk Metal,
_c2026.
300 _axiii, 105 pages :
_billustration ;
_c24 cm
336 _atext
_btxt
_2rdacontent
337 _aunmediated
_bn
_2rdamedia
338 _avolume
_bnc
_2rdacarrier
490 0 _aTürk Metal Sendikası Araştırma ve Eğitim Merkezi yayınları ;
_v102
504 _aBIB
650 7 _aİklim değişiklikleri
_2etuturkob
_924776
650 7 _aİklim değişiklikleri
_xSosyal yönleri
_2etuturkob
_953426
650 7 _aKüresel ısınma
_2etuturkob
_945482
942 _2lcc
_cBK
999 _c200468337
_d86549